| 000 | 02855cam a2200709 a 4500 | ||
|---|---|---|---|
| 001 | 21468 | ||
| 003 | VRT | ||
| 005 | 20260302131000.0 | ||
| 008 | 180730s2009 xo a b 000 1 slo | ||
| 015 | _aSNBA2010/02-01022 | ||
| 020 |
_a9788055120577 _q(viaz.) |
||
| 035 | _a9264FCE5-065D-4BDB-90F5-EFAB17EA90D5 | ||
| 035 | _aurn:nbn:sk:snk-amk11t | ||
| 035 | _aurn:nbn:sk:snk-am00873v | ||
| 039 | 9 |
_a202510291431 _bmsnk115 _c202407220824 _dAUTHORITY _c201807301327 _dVLOAD _c201601140847 _dVLOAD |
|
| 040 |
_aSVKBB _bslo _cSVKBB _dSNK _eAACR2 |
||
| 041 | 0 | _aslo | |
| 044 |
_axo _cSK |
||
| 072 | 7 |
_a821-1/-8 _xLiteratúra rôznych foriem a žánrov _2konspekt |
|
| 072 | 7 |
_a821-93 _xLiteratúra pre deti a mládež _2konspekt |
|
| 080 |
_a398.9 _22001 |
||
| 080 |
_a82-84 _22001 |
||
| 080 |
_a82-98 _22001 |
||
| 080 |
_a(0:82-34) _22001 |
||
| 080 |
_a(0:82-1) _22001 |
||
| 080 |
_a821-93 _22001 |
||
| 245 | 0 | 0 |
_aZlatá reťaz _brozprávky, povrávky, príslovia, porekadlá, pranostiky, hádanky, veršovanky, vyčítanky, hry, koledy, spievanky a zvyky pre najmenších i väčších _czostavila a upravila Elena Slobodová ; ilustrovala Katarína Ilkovičová |
| 250 | _a[1. vyd.] | ||
| 260 |
_aBratislava _bIkar _c2009 |
||
| 300 |
_a297 s. _bfareb. ilustr. _c26 cm |
||
| 500 | _aRok ilustrácie 2009 | ||
| 504 | _aBibliogr. s. 297 | ||
| 650 | 0 | 7 |
_apríslovia a porekadlá _2SNKPH |
| 650 | 0 | 7 |
_apranostiky _2SNKPH |
| 650 | 0 | 7 |
_ahádanky _2SNKPH |
| 650 | 7 |
_akombinovaná technika _2BINPH |
|
| 655 | 7 |
_apublikácie pre deti _2SNKPH |
|
| 655 | 7 |
_ariekanky _2SNKPH |
|
| 655 | 7 |
_arozprávky _2SNKPH |
|
| 655 | 7 |
_apoézia _2SNKPH |
|
| 700 | 1 |
_aSlobodová, Elena, _d1940- _4com |
|
| 700 | 1 |
_aIlkovičová, Katarína, _d1982- _4ill |
|
| 711 | 2 |
_aNajkrajšie a najlepšie detské knihy jari, leta, jesene a zimy na Slovensku _n(20. : _d2009 _cBratislava, Slovensko). _eNajlepšia detská kniha zimy |
|
| 711 | 2 |
_aBienále ilustrácií Bratislava _n(23. : _d2011 : _cBratislava, Slovensko). _4aut |
|
| 942 |
_2ddc _cKLDE _n0 |
||
| 949 |
_6270001000353192 _asvkbbC 53166 _bsvkbbm 705375 |
||
| 949 |
_617A0643731 _asnkSB 78950 _bsnk2010/2280 _o257/10 _s6100:20140925 |
||
| 949 |
_617A0643730 _asnkSB 78950 D1 _bsnk2010/2281 _o257/10 _pDigitalizovaný |
||
| 949 |
_63870A21410 _abinNDK 2009/13 _bbin21410 |
||
| 949 |
_63870A21464 _abinSR 074 _bbin21464 |
||
| 949 |
_63870A21499 _abinIL 0953 _bbin21499 |
||
| 949 |
_62889173685 _asavukPV 14967 _bsavuk2011/3565 |
||
| 949 |
_6273K0514713 _asvkpoC 50497 _bsvkpo523657 |
||
| 949 |
_63870A22589 _abinBIB 11/356 _bbin22589 |
||
| 949 |
_63830001137423 _akurukT18/ZLAT2-1 _bkuruk2020/F1441 _oD2020/Jablonský, Tomáš/PF KU/21.5.2020 |
||
| 980 | _a821.162.4-34 | ||
| 980 | _a821.162.4-89 | ||
| 980 | _a821-93 | ||
| 980 | _a398.9 | ||
| 980 | _a821.162.4-1 | ||
| 999 |
_c21468 _d21468 |
||